000 00237nam a2200085Ia 4500
008 120527s9999 xx 000 0 und d
100 _aBABALEYE, Taye
245 _aA guide to public relation aspractice in Agricultural research
942 _cBK
999 _c25224
_d25224